000 00395nam a2200157Ia 4500
008 240729s9999 xx 000 0 und d
022 _a1471-2296
245 0 _aBMC Family Practice
260 _aUnited Kingdom
260 _bBMC
650 _a Medicine (General)
650 _aMedicine
856 _uhttps://doaj.org/toc/346b429431f04f43968fada2e14dfd28
942 _2ddc
942 _cDOAJEJ
999 _c71946
_d71946
945 _a1
_bMadushi Gamage
_c1
_dMadushi Gamage